000 00994nam a2200301 a 4500
001 000028986
003 DO-SdBPM
005 20250127085137.0
007 000028986
008 110413s2006 dr 000 0 spa d
040 _aDO-SdBPM
_bspa
_cBPMSU
082 4 _aRD863.44
_bB739l 2006
_222
092 _axxxx
_bB739l
100 1 _aBort, Fiordalisa
_d1945-
245 1 0 _aLéeme un cuento mami /
_cFiordalisa Bort; edición Isael Pérez. ; ilustración Cristóbal Rodríguez
260 _aSanto Domingo :
_bEditora Búho,
_c2006.
300 _a30 p. :
_bil. ;
_c22 cm.
500 _aIncluye datos biográficos de la autora en la contracubierta
590 _aInventariado, 2024/VM
650 4 _aCuentos infantiles dominicanos
650 4 _aLiteratura infantil dominicana
700 1 _aPérez, Isael
_eeditor
700 1 _aRodríguez, Cristóbal
_e ilustración
910 _aVMateo V. Control de calidad. BPMSU
942 _2ddc
_cBK
956 _a
_b
_c
_l
_h
956 _a
_b
_c
_l
_h
999 _c7432
_d7432